000 00514nam a2200169 i 4500
001 59126
003 ES-MaACL
005 20230906163954.0
007 t|
008 031027s1968 sp ||||1| spa d
245 0 0 _aEnciclopedia de la Biblia /
_c[versión española: Marie Paule Bol].
260 _aMadrid :
_bAfrodisio Aguado,
_c[1968]
300 _a293 p., 4 lám. :
_bil. ;
_c19 cm.
630 0 4 _aBiblia-
_vEnciclopedias.
_9165685
700 1 _aBol, Marie Paule.
_929932
852 _aES-MaACL
_jC-34470
_bR.65583
999 _c59126
_d59126